| 000 | 00774pam a2200265 a 4500 | ||
|---|---|---|---|
| 005 | 20260322212041.0 | ||
| 008 | data | ||
| 010 | _a 82004866 | ||
| 020 | _a0816507767 | ||
| 020 | _a9780816507764 | ||
| 040 |
_aDLC _cDLC _dDLC |
||
| 043 | _an-us-az | ||
| 050 | 0 | 0 |
_aF811.H175 _bM39 1982 |
| 082 | 0 | 0 |
_aB _aB _219 |
| 100 | 1 |
_aMaxwell, Margaret F., _d1927- |
|
| 245 | 1 | 2 |
_aA passion for freedom : _bthe life of Sharlot Hall / _cMargaret F. Maxwell. |
| 260 |
_aTucson, Ariz. : _bUniversity of Arizona Press, _cc1982. |
||
| 300 |
_ax, 234 p. : _bill. ; _c24 cm. |
||
| 500 | _aIncludes index. | ||
| 504 | _aBibliography: p. 221-226. | ||
| 600 | 1 | 0 |
_aHall, Sharlot Mabridth, _d1870-1943. |
| 650 | 0 |
_aHistorians _zArizona _xBiography. |
|
| 651 | 0 |
_aArizona _xBiography. |
|
| 001 | data | ||
| 999 |
_c953 _d953 |
||